| 000 | 01654nam a22003857a 4500 | ||
|---|---|---|---|
| 003 | OSt | ||
| 005 | 20230817131130.0 | ||
| 008 | 221006b |||||||| |||| 00| 0 eng d | ||
| 040 | _cBiblioteca Lado V | ||
| 082 |
_a305 _bM953m |
||
| 130 |
_9949 _aMujer/Fempress _lspa |
||
| 245 |
_aMujer/Fempress/ _bRed de comunicación alternativa de la mujer/ |
||
| 260 |
_bFEMPRESS _c1998 _aChile |
||
| 300 |
_c22x31cm _a29p. |
||
| 490 |
_v1998 _a202 |
||
| 505 |
_aLazos Internacionales de las mujeres
_tCOLOMBIA |
||
| 505 |
_aVer, oír y no callar
El perfil de un político _tCOSTA RICA |
||
| 505 |
_aProyecto de ley: Prohibido Prohibir
Parejas homosexuales en convenio laboral _tURUGUAY |
||
| 505 |
_aConquista del mundo editorial iberoamericano
La paternidad ausente _tMEXICO |
||
| 505 |
_aLa razón de escribir _tCHILE |
||
| 505 |
_aHuelga general contra privatización
Alertan sobre la privatización _tPUERTO RICO |
||
| 505 |
_aEl derecho a la titulación de las tierras _tPERÚ |
||
| 505 |
_a"Fruta madura" llora de rabia
Una nueva luna _tPARAGUAY |
||
| 505 |
_aSexo en la ciudad _tARGENTINA |
||
| 505 |
_aParejas homosexuales en convenio laboral _tURUGUAY |
||
| 505 |
_aParadigmas de la maternidad _tREPUBLICA DOMINICANA |
||
| 505 | _aRECORTES | ||
| 505 | _aCOMUNICANDONOS | ||
| 650 |
_2Tesauro de Arte & Arquitectura _aMUJER _9703 |
||
| 650 |
_2Tesauro de Arte & Arquitectura _aCOMUNICACIÓN |
||
| 650 |
_2Tesauro de Arte & Arquitectura _aRED FEMENINA |
||
| 650 |
_2Tesauro de Arte & Arquitectura _aCULTURA |
||
| 651 |
_2Tesauro de Arte & Arquitectura _aINTERNACIONAL |
||
| 942 |
_2ddc _c1 _h305 _iM953m _n0 |
||
| 999 |
_c4163 _d4163 |
||